000 00545nam a2200193Ia 4500
005 20250508163602.0
008 008 250505s9999 xx 000 0 eng d
037 _aDissertations
040 _aFEDL
_beng
_cFEDL
041 _aeng
_2eng
084 _a370, VER/DI
_qFEDL
100 _aVerma Kumud
_9775423
245 0 _aGlobal education: Exploring the concepual framework
260 _c1996
300 _a170p.
546 _aM. Phil Dissertation (Delhi University)
942 _cDIS
_h370, VER/DI
999 _c1384218
_d1384218